00702cam a2200229 450000100060000000300080000600500170001400800390003103500190007004000320008904100110012108200240013210000250015624500540018125000140023526000370024930000280028635000110031450000620032550400200038765000650040722277BD-RjUL20211209000804.0140308s1970 ii b 001 0 eng a(BD-RjUL)22342 aDLCcDLCdDLCdBD-RjULbeng1 aengben a891.44016bMUB 19701 aMukherji, Jagomohon.10aBengali literature in English :ba bibliography / a[1st ed.] aCalcutta :bM. C. Sarkar,c1970. axv, 108, 7 p. ;c18 cm. aRs8.00 a"Supplement, July 1967 to December 1969": 7 p. (3d group) aIncludes index. 0aBengali literaturexTranslations into EnglishxBibliography.